| 000 | 00643nam a22002057a 4500 | ||
|---|---|---|---|
| 005 | 20251108172951.0 | ||
| 008 | 250721s2004 xx 000 0 ara d | ||
| 082 | 1 | 4 | _a346.02/موم |
| 100 | 1 |
_aالمومني، بشار طلال _eمؤلف |
|
| 245 | 1 | 0 | _aمشكلات التعاقد عبر الإنترنت " دراسة مقارنة" / |
| 264 | 1 |
_aاربد : _bعالم الكتب الحديث، _c2004. |
|
| 300 | _a295 ص. | ||
| 650 | 1 | 7 | _aالقانون المدني |
| 650 | 1 | 7 | _aالعقود |
| 650 | 1 | 7 | _aالإلتزامات |
| 650 | 1 | 7 | _aالإنترنت |
| 650 | 1 | 7 | _aالحواسيب |
| 942 |
_2ddc _cBK |
||
| 999 |
_c92997 _d92997 |
||